[Event "BL2-N9495"]
[Site "Germany"]
[Date "1995.??.??"]
[Round "?"]
[White "Sahlender, Frank"]
[Black "Babic, Dragojle"]
[Result "1-0"]
[WhiteElo "2275"]
[BlackElo "2290"]

1.Nf3 g6 2.c4 Bg7 3.Nc3 Nf6 4.e4 d6 5.d4 O-O 6.Be2 e5 7.O-O Nc6 8.Be3 Bg4
9.d5 Ne7 10.Ne1 Bxe2 11.Qxe2 Nd7 12.Nd3 f5 13.f3 f4 14.Bd2 g5 15.b4 c6 16.Nf2 c5
17.Nb5 Rf6 18.bxc5 Nxc5 19.Bb4 a6 20.Bxc5 axb5 21.Bb4 bxc4 22.Qxc4 Qb6 23.Qb3 Rff8
24.Rfc1 Ng6 25.Bd2 Qxb3 26.axb3 Rxa1 27.Rxa1 Rc8 28.Bb4 Bf8 29.Nd3 Nh4 30.Ra2 h5
31.h3 Kh7 32.Kf1 Ng6 33.Ke1 Rc7 34.Kd1 g4 35.hxg4 hxg4 36.fxg4 Kh6 37.Ra8 Be7
38.Ne1 Kg5 39.Rg8 Kf6 40.Ra8 Kg5 41.Rg8 Kf6 42.Nf3 Rd7 43.Rc8 Bd8 44.Kd2 Ne7
45.Rc1 Ng6 46.Kd3 Kg7 47.Rh1 Be7 48.Ba5 b6 49.Bb4 Rc7 50.Kd2 Nf8 51.Nh4 Bxh4
52.Bxd6 Ra7 53.Rxh4 Ra2+ 54.Kd3 Ng6 55.Rh5 Rxg2 56.Bxe5+ Nxe5+ 57.Rxe5 Rg3+
58.Kc4 b5+ 59.Kxb5 Rxb3+ 60.Kc4 Rb1 61.Rf5 Rf1 62.Kd4 Kg6 63.e5 f3 64.Ke3  1-0

[Event "BL9495 (Women)"]
[Site "Germany"]
[Date "1995.??.??"]
[Round "203"]
[White "Broeder, Iris"]
[Black "Olbrich, Marina"]
[Result "1-0"]
[WhiteElo "2210"]
[BlackElo "2280"]

1.d4 Nf6 2.c4 g6 3.Nc3 Bg7 4.e4 d6 5.Nf3 O-O 6.Be2 e5 7.O-O Nc6 8.Be3 Ng4
9.Bg5 f6 10.Bh4 Kh8 11.d5 Ne7 12.Nd2 h5 13.b4 a5 14.bxa5 Rxa5 15.Nb3 Ra8
16.c5 dxc5 17.Nxc5 Qd6 18.Nb3 c6 19.h3 Nh6 20.dxc6 Qxc6 21.Rc1 Qb6 22.a4 Be6
23.Bb5 Rfd8 24.Qc2 Rac8 25.Qb2 Nc6 26.Rb1 Nd4 27.Nxd4 Qxd4 28.Rfd1 Qc5 29.Nd5 Bxd5
30.Rbc1 Bc4 31.Rxd8+ Rxd8 32.Rxc4 Rd1+ 33.Kh2 Qd6 34.f3 f5 35.Bg5 Nf7 36.Rc8+ Kh7
37.Be3 fxe4 38.fxe4 Bh6 39.Bxh6 Nxh6 40.Qc2 Nf7 41.Rc7 Qd4 42.Rxf7+ Kg8 43.Rf3 Qg1+
44.Kg3  1-0

[Event "BL2-O9495"]
[Site "Germany"]
[Date "1995.??.??"]
[Round "?"]
[White "Hesse, Peter"]
[Black "Schmidt, Jan Peter"]
[Result "1/2-1/2"]
[WhiteElo "2370"]
[BlackElo "2245"]

1.d4 Nf6 2.Nf3 g6 3.c4 Bg7 4.Nc3 O-O 5.e4 d6 6.Be2 e5 7.O-O Nc6 8.d5 Ne7
9.Nd2 a5 10.Rb1 Nd7 11.a3 f5 12.b4 axb4 13.axb4 Kh8 14.f3 Bh6 15.Nb3 Bxc1
16.Nxc1 f4 17.Nd3 Nf6 18.Nf2 g5 19.Ra1 Rb8 20.Ra3 h5 21.h3 Neg8 22.Nb5 Nh6
23.c5 Rf7 24.Rc3 Rg7 25.cxd6 cxd6 26.Qc2 Ne8 27.Rc1 Bd7 28.Nc7 Nxc7 29.Rxc7 Rg8
30.b5 g4 31.fxg4 hxg4 32.hxg4 Bxg4 33.Nxg4 Nxg4 34.Bxg4 Rxg4 35.Rc8 Rxc8
36.Qxc8 Qxc8 37.Rxc8+ Rg8 38.Rc3 Rg7 39.Kf2 Kh7 40.b6 Kg6 41.Rc6 Rd7 42.Rc7 Rg7
43.g3 fxg3+ 44.Kxg3 Rf7 45.Kg2 Rf4 46.Rxb7 Rxe4 47.Rd7 Rb4 48.Rxd6+ Kf5 49.Rc6 Rb5  1/2-1/2

[Event "BL2-O9495"]
[Site "Germany"]
[Date "1995.??.??"]
[Round "?"]
[White "Kurz, Alexander"]
[Black "Hesse, Peter"]
[Result "1-0"]
[WhiteElo "2315"]
[BlackElo "2370"]

1.d4 Nf6 2.c4 g6 3.Nc3 Bg7 4.e4 d6 5.Nf3 O-O 6.Be2 e5 7.O-O Nc6 8.d5 Ne7
9.b4 Ne8 10.Nd2 f5 11.f3 Kh8 12.c5 Ng8 13.Nc4 Ngf6 14.a4 Rg8 15.Be3 f4 16.Bf2 g5
17.g4 fxg3 18.hxg3 g4 19.f4 exf4 20.gxf4 Nh5 21.Be1 b6 22.c6 a5 23.b5 g3
24.Bxh5 Qh4 25.Ra2 Bh3 26.Bf3 Bxf1 27.Kxf1 Qxf4 28.Rg2 Bf6 29.Qd3 Qc1 30.Ne3 Rg6
31.Ne2 Qa1 32.Ng4 Qxa4 33.Nf4 Rxg4 34.Bxg4 Ng7 35.Rxg3  1-0

[Event "BL2-O9495"]
[Site "Germany"]
[Date "1995.??.??"]
[Round "?"]
[White "Roeschlau, Bernd"]
[Black "Kurz, Alexander"]
[Result "0-1"]
[WhiteElo "2270"]
[BlackElo "2315"]

1.d4 Nf6 2.c4 g6 3.Nc3 Bg7 4.e4 d6 5.Nf3 O-O 6.Be2 e5 7.O-O Nc6 8.d5 Ne7
9.Nd2 Ne8 10.a4 f5 11.b3 Kh8 12.Bb2 fxe4 13.Ncxe4 Nf5 14.Nf3 c5 15.dxc6 bxc6
16.Qd3 Qe7 17.Qd2 Rb8 18.Bd1 Nf6 19.Re1 Nxe4 20.Rxe4 c5 21.Bc2 Bb7 22.Rae1 Bxe4
23.Rxe4 Qb7 24.h4 Nd4 25.Bxd4 cxd4 26.h5 Qb4 27.Qe2 Qc3 28.hxg6 d3 29.Bxd3 Rxb3
30.Ne1 Qc1 31.g3 Bh6 32.Bc2 Rbf3 33.g7+ Kxg7 34.Rg4+ Kh8 35.Qe4 R3f7 36.f4 exf4
37.Kg2 Qe3 38.Rh4 f3+ 39.Kf1 Qxe4 40.Bxe4 f2 41.Nd3 Rb8 42.Nf4 Bxf4 43.gxf4 Rb2
44.Bd3 Rd2  0-1

[Event "NRW-Liga I 9495"]
[Site "Germany"]
[Date "1995.??.??"]
[Round "?"]
[White "Ziegler, Ari"]
[Black "Matthias, Heiner"]
[Result "1-0"]
[WhiteElo "2315"]
[BlackElo "2300"]

1.d4 Nf6 2.c4 g6 3.Nc3 Bg7 4.e4 d6 5.Nf3 O-O 6.Be2 e5 7.O-O Nc6 8.d5 Ne7
9.Ne1 Nd7 10.Be3 f5 11.f3 Kh8 12.a4 a5 13.Nd3 b6 14.Qb1 Nf6 15.b4 axb4 16.Qxb4 f4
17.Bf2 g5 18.Nb5 g4 19.a5 bxa5 20.Qc3 Ng6 21.Rxa5 Rxa5 22.Qxa5 g3 23.hxg3 Nh5
24.Qxc7 fxg3 25.Qxd8 gxf2+ 26.Kxf2 Rxd8 27.g3 Bf8 28.Ra1 Nf6 29.Nb4 Bd7 30.Ra6 Ne8
31.Bf1 Rb8 32.Nc6 Rc8 33.Rb6 Kg8 34.Nb8 Bxb5 35.cxb5 Rc2+ 36.Be2 Bh6 37.Nc6 Rc3
38.Rb8 Be3+ 39.Ke1 Kf7 40.b6 Rb3 41.b7 Rb1+ 42.Bd1 Nc7 43.Rc8 Na6 44.Ra8 Kf6
45.Na5 Rb2 46.Nc4 Rxb7 47.Rxa6 Bg1 48.Nxd6 Rb1 49.Nf5+ Rb6 50.Rxb6+ Bxb6
51.Ke2 Bc5 52.Bb3 Ne7 53.Nxe7 Kxe7 54.f4 Kf6 55.Kf3 Bd6 56.Ba4 Bc5 57.Bd7 Bd6
58.Bf5 h6 59.Bd7 Bc5 60.Be8 Bd6 61.Kg4 Bc5 62.Kh5 Bf8 63.Bb5 Bd6 64.Kg4 Ba3
65.Bf1 Bb4 66.Bg2 Ba3 67.Kh5 Bc1 68.f5 Bd2 69.Bf1 Bg5 70.d6 Kg7 71.Kg4 Kf7
72.Bc4+ Kf6 73.Bb5 Kf7 74.Kh5 Kg7 75.Be8 Bd8 76.Kg4 Bb6 77.Kh5 Bd8 78.f6+ Bxf6
79.Kg4 Kf8 80.Bh5 Bd8 81.Kf5 Ba5 82.Kxe5 Be1 83.g4 Bg3+ 84.Kd5  1-0

[Event "BL2-S9495"]
[Site "Germany"]
[Date "1995.??.??"]
[Round "?"]
[White "Fahnenschmidt, Gerhard"]
[Black "Schmidt, Wlodzimierz"]
[Result "1/2-1/2"]
[WhiteElo "2395"]
[BlackElo "2460"]

1.c4 g6 2.e4 Bg7 3.d4 d6 4.Nc3 Nf6 5.Nf3 O-O 6.Be2 e5 7.O-O Nc6 8.d5 Ne7
9.Nd2 a5 10.Rb1 Nd7 11.a3 f5 12.b4 Kh8 13.Nb3 axb4 14.axb4 Nf6 15.f3 f4 16.c5 g5
17.g4 h5 18.h3 Ng6 19.Bd2 Rf7 20.Be1 Bf8 21.Bf2 Rh7 22.Ra1 Rb8 23.Ra7 Be7
24.Qa1 Qf8 25.Kg2 hxg4 26.hxg4 Nxg4 27.fxg4 f3+ 28.Bxf3 Nf4+ 29.Kg1 Nh3+
30.Kg2 Nf4+ 31.Kg1 Nh3+  1/2-1/2

[Event "BL9495 (Women)"]
[Site "Germany"]
[Date "1995.??.??"]
[Round "203"]
[White "Seidemann, Ulrike"]
[Black "Ramseier, Jana S"]
[Result "0-1"]
[WhiteElo "2100"]
[BlackElo "2125"]

1.c4 Nf6 2.Nf3 g6 3.d4 Bg7 4.Nc3 d6 5.e4 O-O 6.Be2 e5 7.O-O Nc6 8.d5 Ne7
9.Rb1 Ne8 10.b4 f5 11.c5 h6 12.cxd6 cxd6 13.Nd2 f4 14.Nc4 Rf6 15.Qb3 g5 16.b5 Ng6
17.f3 h5 18.Ba3 g4 19.g3 h4 20.fxg4 hxg3 21.Rb2 Nh4 22.hxg3 fxg3 23.Nd1 Rxf1+
24.Kxf1 Qf6+ 25.Kg1 Qf4 26.Nxd6 Nxd6 27.Bxd6 Bxg4 28.Qe3 Bf3 29.Qxf4 exf4
30.Rb3 Bxe2 31.Nc3 Bd4+  0-1

[Event "BL2-W9495"]
[Site "Germany"]
[Date "1995.??.??"]
[Round "?"]
[White "Meyer, Peter"]
[Black "Buenermann, Volker"]
[Result "1/2-1/2"]
[WhiteElo "2335"]
[BlackElo "2280"]

1.Nf3 Nf6 2.c4 g6 3.Nc3 Bg7 4.e4 d6 5.d4 O-O 6.Be2 e5 7.O-O Nc6 8.Be3 Ng4
9.Bg5 f6 10.Bh4 Nh6 11.dxe5 dxe5 12.h3 g5 13.Bg3 Qxd1 14.Rfxd1 Nd8 15.c5 c6
16.Bc4+ Be6 17.Nd2 b5 18.cxb6 axb6 19.a4 Nhf7 20.b4 Nd6 21.Be2 Rf7 22.f3 N8b7
23.Bf2 c5 24.Nb5 Bf8 25.Nxd6 Bxd6 26.Bc4 Bxc4 27.Nxc4 Bc7 28.b5 Na5 29.Nxa5 Rxa5
30.Rd5 Kf8 31.Kf1 Ke8 32.Be1 Ra8 33.Ke2 Rd7 34.Rxd7 Kxd7 35.Kd3 Ke6 36.Kc4 Rd8
37.Bc3 Ra8 38.g4 h6 39.Ra2 Rb8 40.Rd2 Ra8 41.Ra2 Rc8 42.Ra3 Ra8 43.Ra1 Rc8
44.a5 bxa5 45.Bxa5 Ra8 46.Bc3 Rxa1 47.Bxa1 Bb6 48.Bc3 Kd6 49.Bd2 Ke6 50.Be3 Kd6
51.Bf2 Ba7 52.Be3 Bb6 53.Bc1 Ke6 54.Ba3 Kd6  1/2-1/2

[Event "Oberliga Nord O9495"]
[Site "Germany"]
[Date "1995.??.??"]
[Round "?"]
[White "Chekhov, Valery A"]
[Black "Knuth, Hannes"]
[Result "1-0"]
[WhiteElo "2490"]
[BlackElo "2350"]

1.d4 Nf6 2.c4 g6 3.Nc3 Bg7 4.e4 d6 5.Be2 O-O 6.Nf3 e5 7.O-O Nc6 8.Be3 Ng4
9.Bg5 f6 10.Bh4 h5 11.dxe5 dxe5 12.h3 Nh6 13.c5 Be6 14.Qa4 Bd7 15.Rfd1 g5
16.Bc4+ Kh8 17.Be6 Bxe6 18.Rxd8 Rfxd8 19.Bg3 h4 20.Bh2 a6 21.Rd1 Rxd1+ 22.Nxd1 Rd8
23.Ne3 Bf8 24.b4 Kg8 25.Kf1 Nf7 26.a3 a5 27.Qb5 axb4 28.axb4 Ra8 29.Nd5 Ra1+
30.Ke2 Ra2+ 31.Kd3 Ra3+ 32.Kd2 Ra2+ 33.Kc3 Bxd5 34.exd5 Ncd8 35.Nd2 c6 36.Qc4 Ra3+
37.Kb2 cxd5 38.Qxd5 Ra4 39.Kb3 Ra1 40.Ne4 Kg7 41.Nxg5 Rb1+ 42.Ka3 Ra1+ 43.Kb2 Rf1
44.Nxf7 Nxf7 45.Qf3 Ng5 46.Qf5 Be7 47.g3 e4 48.gxh4 e3 49.Qd7 Rxf2+ 50.Kc3 Rxh2
51.hxg5 Kf7 52.gxf6 Kxf6 53.Qd4+ Ke6 54.Qe4+ Kd7 55.Qxb7+ Ke6 56.Qe4+ Kd7
57.Qxe3 Rh1 58.c6+ Ke8 59.c7 Rb1 60.Kc2  1-0

[Event "Oberliga Nord O9495"]
[Site "Germany"]
[Date "1995.??.??"]
[Round "?"]
[White "Knuth, Hannes"]
[Black "Schoene, Ralf"]
[Result "0-1"]
[WhiteElo "2350"]
[BlackElo "2360"]

1.d4 Nf6 2.c4 g6 3.Nc3 Bg7 4.e4 d6 5.Be2 O-O 6.Nf3 e5 7.O-O Nc6 8.d5 Ne7
9.Ne1 Nd7 10.Be3 f5 11.f3 f4 12.Bf2 g5 13.a4 a6 14.a5 Rf6 15.Nd3 Qe8 16.g4 h5
17.h3 Ng6 18.c5 hxg4 19.hxg4 dxc5 20.Nxc5 Nxc5 21.Bxc5 Bf8 22.Bf2 Bd6 23.Kg2 Nh4+
24.Bxh4 gxh4 25.Rh1 Rh6 26.Qc2 Qe7 27.Rac1 Kg7 28.Na4 h3+ 29.Kh2 Qh4 30.Rhg1 Qf2+
31.Kh1 Bd7 32.Bd1 Qe3 33.Qc3 Bxa4 34.Bxa4 Qa7 35.Bd7 Rah8 36.Bf5 Qf2 37.b4 Kf8
38.g5 Rh4 39.g6 Kg7 40.Qd3 Qg2+ 41.Rxg2 hxg2+ 42.Kxg2 Rh2+ 43.Kf1 Rh1+ 44.Ke2 R8h2+  0-1

[Event "Hessenliga"]
[Site "Germany"]
[Date "1995.??.??"]
[Round "?"]
[White "Paszek, Adam"]
[Black "Bennedik, Martin"]
[Result "1/2-1/2"]
[WhiteElo "2275"]
[BlackElo "2030"]

1.d4 Nf6 2.Nf3 g6 3.c4 Bg7 4.Nc3 O-O 5.e4 d6 6.Be2 e5 7.O-O Nc6 8.d5 Ne7
9.Rb1 Nh5 10.Ne1 Nf4 11.Nd3 f5 12.Nxf4 exf4 13.Bxf4 fxe4 14.Qd2 Bf5 15.Rbd1 Qd7
16.h3 h5 17.Rfe1 Rae8 18.Bf1 Nc8 19.Bh6 Bxh6 20.Qxh6 Qf7 21.Re3 Nb6 22.Rg3 Qg7
23.Qxg7+ Kxg7 24.Nb5 Re7 25.Nd4 Nd7 26.Re1 a6 27.f3 h4 28.Nxf5+ Rxf5 29.Rg4 Nf6
30.Rxh4 g5 31.Rhxe4 Nxe4 32.fxe4 Rf4 33.Bd3 a5 34.Rc1 b6 35.b3 Ref7 36.a3 Rf2
37.b4 Rd2 38.Rc3 Rff2 39.Bf1 Rc2 40.Rg3 Kf6 41.c5 bxc5 42.bxa5 Rf4 43.Bb5 Rc1+
44.Kh2 Rb1 45.Bc6 Rff1 46.Rc3 Ke5 47.a6 Kf4 48.Rf3+ Rxf3 49.gxf3 Rb2+ 50.Kg1  1/2-1/2

[Event "Hessenliga"]
[Site "Germany"]
[Date "1995.??.??"]
[Round "?"]
[White "Paszek, Adam"]
[Black "Freitag, Roland"]
[Result "1-0"]
[WhiteElo "2275"]
[BlackElo "2200"]

1.d4 Nf6 2.Nf3 g6 3.c4 Bg7 4.Nc3 d6 5.e4 O-O 6.Be2 e5 7.O-O Nc6 8.d5 Ne7
9.Ne1 Nd7 10.Be3 f5 11.f3 Kh8 12.Nd3 Ng8 13.c5 Ndf6 14.Rc1 Bh6 15.Qd2 Bxe3+
16.Qxe3 f4 17.Qd2 Ne8 18.Rfd1 Ngf6 19.Bf1 g5 20.g3 fxg3 21.hxg3 Nh5 22.Qh2 Neg7
23.Be2 Bd7 24.c6 bxc6 25.dxc6 Bxc6 26.Nxe5 Be8 27.Ng4 Bd7 28.e5 Bf5 29.Nd5 Rf7
30.Nh6 Bg6 31.g4 Nf4 32.Nxf7+ Bxf7 33.Nxf4 gxf4 34.Qxf4 Bxa2 35.Kg2 Qb8 36.Rd2 dxe5
37.Qxe5 Qb4 38.Rxc7 Rg8 39.Rd8  1-0

[Event "NRW-Liga II 9495"]
[Site "Germany"]
[Date "1995.??.??"]
[Round "?"]
[White "Titzhoff, Frank"]
[Black "Krueger, Erich"]
[Result "1-0"]
[WhiteElo "2155"]
[BlackElo "2230"]

1.d4 Nf6 2.c4 g6 3.Nc3 Bg7 4.e4 d6 5.Be2 O-O 6.Nf3 e5 7.O-O Nc6 8.d5 Ne7
9.Ne1 Nd7 10.Nd3 f5 11.Bd2 Nf6 12.f3 f4 13.g4 g5 14.Be1 h5 15.h3 hxg4 16.hxg4 Ng6
17.Kg2 Nh4+ 18.Bxh4 gxh4 19.Rh1 Nh5 20.gxh5 Qg5+ 21.Kf1 Qg3 22.Nf2 h3 23.h6 h2
24.hxg7 Rf7 25.Ke1 Rxg7 26.Bf1 Rh7 27.Qe2 Kh8 28.Kd2 Bd7 29.Nd3 Rg8 30.Qf2 Qg1
31.Be2 Qxa1 32.Rxa1 h1=Q 33.Rxh1 Rxh1 34.Qxa7 Bc8 35.c5 Rh2 36.c6 bxc6 37.Qxc7 cxd5
38.Qxd6 Rh5  1-0

[Event "Landesliga S9596 Bayern"]
[Site "Germany"]
[Date "1995.??.??"]
[Round "?"]
[White "Kieffer, Joachim"]
[Black "Billenkamp, Thomas"]
[Result "1-0"]
[WhiteElo "2070"]
[BlackElo "1945"]

1.d4 Nf6 2.c4 g6 3.Nc3 Bg7 4.e4 d6 5.Be2 O-O 6.Nf3 e5 7.O-O Nc6 8.d5 Ne7
9.Nd2 c5 10.a3 Ne8 11.b4 b6 12.bxc5 bxc5 13.Nb3 f5 14.Bg5 Nf6 15.Nxc5 dxc5
16.d6 Be6 17.dxe7 Qxe7 18.f3 Rfd8 19.Nd5 Qf7 20.Rb1 Rd7 21.Qa4 Rc8 22.Qa6 Rcd8
23.Rb3 h6 24.Be3 f4 25.Bxc5 g5 26.Bf2 Rd6 27.Qxa7 Qg6  1-0

[Event "Landesliga N9596 Bayern"]
[Site "Germany"]
[Date "1995.??.??"]
[Round "?"]
[White "Feist, Reiner"]
[Black "Kraft, Hans"]
[Result "1-0"]
[WhiteElo "1945"]
[BlackElo "2260"]

1.d4 Nf6 2.c4 g6 3.Nc3 Bg7 4.e4 d6 5.Be2 O-O 6.Nf3 e5 7.O-O Nc6 8.d5 Ne7
9.Ne1 Nd7 10.Nd3 f5 11.f3 Nf6 12.Be3 f4 13.Bf2 g5 14.c5 Ng6 15.Rc1 Rf7 16.cxd6 cxd6
17.Nb5 Bf8 18.Qc2 Ne8 19.Nxa7 Bd7 20.Qb3 h5 21.Qxb7 g4 22.Nc6 Qg5 23.Qxa8 g3
24.Qd8 Nf6 25.hxg3 fxg3 26.Bxg3 Qxg3 27.Rf2 Ng4 28.fxg4 Rxf2 29.Nxf2 Nh4
30.Qg5+ Kh7 31.Qxh5+ Bh6 32.Bf1 Be8 33.Qxh6+ Kxh6 34.Rc3 Qf4 35.Rh3 Kg5 36.Ra3 Bd7
37.Nh3+  1-0

[Event "BL2-W9495"]
[Site "Germany"]
[Date "1995.??.??"]
[Round "?"]
[White "Von Gleich, Alexander"]
[Black "Balcerak, Jakob"]
[Result "1-0"]
[WhiteElo "2315"]
[BlackElo "2250"]

1.Nf3 Nf6 2.c4 g6 3.Nc3 Bg7 4.e4 d6 5.d4 O-O 6.Be2 e5 7.O-O Nc6 8.Be3 Re8
9.dxe5 dxe5 10.c5 Nd4 11.Nxd4 exd4 12.Bxd4 Nxe4 13.Bxg7 Qxd1 14.Bxd1 Kxg7
15.Nd5 Re5 16.Nxc7 Rb8 17.Re1 Bd7 18.b4 Rc8 19.f4 Re7 20.Nd5 Re6 21.Bc2 f5
22.Bxe4 fxe4 23.Rad1 Bc6 24.Ne3 Bb5 25.Ng4 b6 26.cxb6 axb6 27.Rd5 Bc6 28.Rd2 Rce8
29.Ne3 Bb5 30.Rc1 R8e7 31.f5 Re5 32.f6+ Kxf6 33.Nd5+ Rxd5 34.Rxd5 Bd3 35.a4 Ke6
36.Rd8 Ra7 37.Ra1 Ke5 38.Kf2 Rc7 39.a5 Rc2+ 40.Kg3 bxa5 41.bxa5 Rc3 42.Kf2 Rc2+
43.Kg1 Kf4 44.a6 Bxa6 45.Rf8+  1-0

[Event "NRW-Liga I 9495"]
[Site "Germany"]
[Date "1995.??.??"]
[Round "?"]
[White "Beilfuss, Wilfried"]
[Black "Begnis, Nikolaos"]
[Result "0-1"]
[WhiteElo "2275"]
[BlackElo "2315"]

1.c4 g6 2.e4 Bg7 3.d4 d6 4.Nc3 Nf6 5.Nf3 O-O 6.Be2 e5 7.O-O Nc6 8.d5 Ne7
9.Bg5 Ne8 10.Nd2 h6 11.Be3 f5 12.f3 c5 13.Rb1 f4 14.Bf2 h5 15.b4 b6 16.bxc5 bxc5
17.Qa4 g5 18.Rb2 g4 19.Rfb1 g3 20.hxg3 fxg3 21.Bxg3 Ng6 22.Qc6 h4 23.Qxa8 hxg3
24.Nf1 Bh6 25.Nd1 Nf4 26.Nde3 Ng7 27.Ng4 Qh4 28.Nxh6+ Qxh6 29.Qc6 Nxg2 30.Kxg2 Nh5
31.Bd1 Nf4+ 32.Kg1 g2 33.Rxg2+ Nxg2 34.Kxg2 Bh3+ 35.Kf2 Qh4+ 36.Ke3 Bxf1
37.Be2 Bxe2 38.Rg1+ Kh8 39.Qxd6 Qf4+ 40.Kxe2 Qxf3+ 41.Kd2 Qf2+  0-1

[Event "Oberliga Ost C9495"]
[Site "Germany"]
[Date "1995.??.??"]
[Round "?"]
[White "Lex, Christoph"]
[Black "Zunker, Reinhard"]
[Result "1-0"]
[WhiteElo "2245"]
[BlackElo "2220"]

1.d4 Nf6 2.Nf3 g6 3.c4 Bg7 4.Nc3 d6 5.e4 O-O 6.Be2 e5 7.O-O Nc6 8.d5 Ne7
9.Ne1 Nd7 10.Be3 f5 11.f3 Nf6 12.c5 Kh8 13.Nd3 f4 14.Bf2 h5 15.Rc1 g5 16.cxd6 cxd6
17.Nb5 Ne8 18.Nxa7 Bd7 19.Qb3 Qb8 20.Qb6 g4 21.Kh1 Bf6 22.Rc3 Rf7 23.Rb3 Ba4
24.Rc3 Bd7 25.Rb3 Ba4 26.Rc3 Bd7 27.Rfc1 Rg7 28.Rb3 Ba4 29.Rb4 Nxd5 30.exd5 Bd8
31.Rc8 Qxc8 32.Nxc8 Rxc8 33.Qa7 b5 34.Qa6 Rc2 35.Qa8 Rxe2 36.Qxd8 Rg8 37.b3 Rd2
38.Qh4 gxf3 39.Qxh5+ Kg7 40.Qxf3 Nf6 41.Bh4 Rc8 42.Bxf6+ Kxf6 43.Rxf4+  1-0

[Event "Landesliga S9495 Bayern"]
[Site "Germany"]
[Date "1995.??.??"]
[Round "1"]
[White "Lechtynsky, Jiri"]
[Black "Klundt, Klaus"]
[Result "1/2-1/2"]
[WhiteElo "2410"]
[BlackElo "2310"]

1.Nf3 Nf6 2.c4 g6 3.Nc3 Bg7 4.d4 O-O 5.e4 d6 6.Be2 e5 7.O-O Nc6 8.d5 Ne7
9.Bd2 Ne8 10.Ne1 f5 11.f3 Nf6 12.Nd3 c6 13.Kh1 Kh8 14.Rc1 c5 15.g4 Bd7 16.a3 a5
17.b3 Nc8 18.Nf2 Na7 19.Rb1 b6 20.Qe1 Qe8 21.b4 axb4 22.axb4 Nc8 23.Ra1 Rxa1
24.Qxa1 cxb4  1/2-1/2

[Event "Landesliga S9495 Bayern"]
[Site "Germany"]
[Date "1995.??.??"]
[Round "3"]
[White "Lenz, Thomas"]
[Black "Taggatz, Mario"]
[Result "1/2-1/2"]
[WhiteElo "2160"]
[BlackElo "2005"]

1.d4 Nf6 2.c4 g6 3.Nc3 Bg7 4.e4 d6 5.Nf3 O-O 6.Be2 e5 7.O-O Nc6 8.d5 Ne7
9.Nd2 a5 10.a3 Nd7 11.Rb1 f5 12.b4 Kh8 13.Qc2 axb4 14.axb4 c6 15.f3 Nf6 16.Nb3 Nh5
17.Be3 cxd5 18.cxd5 Nf4 19.Na5 Qc7 20.Bd3 Bd7 21.Rfc1 Bh6 22.Qd2 Qb8 23.Bb5 Rd8
24.g3 Nh3+ 25.Kg2 f4 26.Bb6 Ng8 27.Bxd8 fxg3 28.Qxh6 Nxh6 29.Bf6+ Kg8 30.hxg3 Bxb5
31.Nxb5 Qf8 32.Nc7 Rb8 33.Bh4 g5 34.Ne6 Qf6 35.Rc7 gxh4 36.Kxh3 Qxf3 37.Rg1 Nf7
38.Kh2 Kh8 39.gxh4 Qf2+ 40.Rg2 Qxh4+ 41.Kg1 Qe1+ 42.Kh2  1/2-1/2

[Event "Landesliga S9495 Bayern"]
[Site "Germany"]
[Date "1995.??.??"]
[Round "6"]
[White "Altmann, Christoph"]
[Black "Pflug, Matthias"]
[Result "1-0"]
[WhiteElo "1980"]
[BlackElo "1810"]

1.d4 Nf6 2.c4 g6 3.Nc3 Bg7 4.Nf3 O-O 5.e4 d6 6.Be2 e5 7.O-O Nc6 8.d5 Ne7
9.b4 Nd7 10.c5 f5 11.Nd2 dxc5 12.bxc5 Nxc5 13.Ba3 Nxe4 14.Ndxe4 fxe4 15.Qb3 Kh8
16.Rad1 Re8 17.d6 Nc6 18.dxc7 Qxc7 19.Nb5 Qa5 20.Nd6 Be6 21.Bc4 Bxc4 22.Qxc4 Re7
23.Nf7+ Rxf7 24.Qxf7 Nd4 25.Qxb7 Rd8 26.Be7 Re8 27.Qd7 Rg8 28.Kh1 Qxa2 29.Ra1 Qe2
30.Qxa7 Nc2 31.Qa6 Qg4 32.Rac1 Nd4 33.h3 Qf5 34.Qc4 Bh6 35.Rcd1 Nf3 36.Qc6 Bg7
37.Rd8 Rxd8 38.Bxd8 Nd4 39.Qe8+ Qf8 40.Qxf8+ Bxf8 41.Re1 Ne6 42.Bf6+ Bg7
43.Bxe5 Bxe5 44.Rxe4 Bd4 45.f3  1-0

[Event "Mittelfranken-ch"]
[Site "Germany"]
[Date "1995.??.??"]
[Round "9"]
[White "Schatz, Christian"]
[Black "Uschold, Jens"]
[Result "0-1"]
[WhiteElo "2150"]
[BlackElo "2140"]

1.c4 g6 2.e4 Bg7 3.d4 d6 4.Nc3 Nf6 5.Be2 O-O 6.Nf3 e5 7.O-O Nc6 8.d5 Ne7
9.Ne1 Nd7 10.Nd3 f5 11.Bd2 Nf6 12.f3 f4 13.c5 Rf7 14.cxd6 cxd6 15.Rc1 g5
16.Nb5 Ne8 17.a4 Ng6 18.Nf2 Bf8 19.Qb3 h5 20.Rc2 Rg7 21.Rfc1 Kh8 22.h3 Nh4
23.Be1 a6 24.Na3 Bd7 25.a5 g4 26.fxg4 Qg5 27.Nc4 Nf6 28.Nb6 hxg4 29.hxg4 Nxg4
30.Nxg4 Bxg4 31.Bxg4 Qxg4 32.Bxh4 Qxh4 33.Rc3 Qg5 34.R3c2 Re8 35.Qf3 Kg8
36.Rc8 Ree7 37.Rb8 Ref7 38.Rcc8 Qh4 39.Qf2 Qh5 40.Nd7 Qd1+ 41.Qf1 Rxg2+ 42.Kxg2 Rg7+
43.Kf2 Qd2+ 44.Qe2 Qd4+ 45.Ke1 Rg1+ 46.Qf1 Qe3+ 47.Kd1 Rxf1+ 48.Kc2 Rc1+  0-1

[Event "Glorney Cup U20"]
[Site "?"]
[Date "1995.??.??"]
[Round "?"]
[White "Van der Erf, Remco"]
[Black "Brown, Rowan M"]
[Result "1-0"]
[WhiteElo "2140"]
[BlackElo "2150"]

1.d4 Nf6 2.Nf3 g6 3.c4 Bg7 4.Nc3 d6 5.e4 O-O 6.Be2 e5 7.O-O Nc6 8.d5 Ne7
9.Nd2 c5 10.dxc6 bxc6 11.b4 d5 12.a4 Be6 13.Ba3 d4 14.Na2 Ne8 15.b5 f5 16.Nb4 Nd6
17.Bd3 Bh6 18.c5 Ne8 19.Bc4 Bxc4 20.Nxc4 a5 21.bxa6 fxe4 22.Qg4 Rf5 23.Qxe4 Nf6
24.Qe2 e4 25.Nd6 Re5 26.Qc4+ Nfd5 27.Bb2 Rb8 28.Nxd5 cxd5 29.Qxd4 Nc6 30.Qc3 Qh4
31.Nb5 d4 32.Qb3+ Kg7 33.Qg3 Qxg3 34.hxg3 e3 35.a7 Rf8 36.a8=Q Rxa8 37.Nxd4 Kg8
38.Nxc6 Rxc5 39.Ne7+ Kf7 40.fxe3+ Ke6 41.Bd4 Rc2 42.Nxg6 hxg6 43.Rf6+ Kd5
44.Rxg6 Bf8 45.a5 Rd2 46.a6 Rd3 47.Rg8 Rxd4 48.exd4 Kxd4 49.Rf1  1-0

[Event "Goetzis op"]
[Site "Goetzis"]
[Date "1995.??.??"]
[Round "7"]
[White "Voegel, Wolfgang"]
[Black "Bezler, Rainer"]
[Result "1/2-1/2"]
[WhiteElo "2240"]
[BlackElo "2205"]

1.d4 Nf6 2.c4 g6 3.Nc3 Bg7 4.e4 d6 5.Nf3 O-O 6.Be2 Nc6 7.O-O e5 8.d5 Ne7
9.b4 a5 10.Ba3 axb4 11.Bxb4 Nd7 12.Nd2 f5 13.a4 Kh8 14.a5  1/2-1/2

[Event "Goetzis op"]
[Site "Goetzis"]
[Date "1995.??.??"]
[Round "8"]
[White "Genduso, Carmelo"]
[Black "Niedermayr, Horst"]
[Result "1/2-1/2"]
[WhiteElo "2210"]
[BlackElo "2220"]

1.d4 Nf6 2.c4 g6 3.Nc3 Bg7 4.Nf3 O-O 5.e4 d6 6.Be2 Nc6 7.O-O e5 8.d5 Ne7
9.b4 Ne8 10.c5 f5 11.Qb3 Kh8 12.Nd2 f4 13.Bb2 g5 14.f3 Ng6 15.Nc4 h5 16.Rad1 g4
17.g3 fxg3 18.hxg3 gxf3 19.Rxf3 Rxf3 20.Bxf3 Qg5 21.Kf2 h4 22.Ne2 Nf6 23.Bc1 Ng4+
24.Bxg4 Qxg4 25.Qf3 Qxf3+ 26.Kxf3 Bf8 27.cxd6 cxd6 28.gxh4 Nxh4+ 29.Kg3 Ng6
30.Rh1+ Kg8 31.a4 Bd7 32.b5 Rc8 33.Na5 Rc2 34.Kf3 Bc8 35.Be3 a6 36.bxa6 bxa6
37.Rc1 Rxc1 38.Bxc1 Be7 39.Ba3 Nh8 40.Nc4 Nf7 41.Nb6 Ng5+ 42.Ke3 Bg4 43.Nc3 Kf8
44.Nc4 Nf7  1/2-1/2

[Event "Graz op"]
[Site "Graz"]
[Date "1995.??.??"]
[Round "1"]
[White "Gurevich, Dmitry"]
[Black "Nickl, Klaus"]
[Result "1-0"]
[WhiteElo "2525"]
[BlackElo "2185"]

1.d4 Nf6 2.c4 g6 3.Nc3 Bg7 4.e4 d6 5.Nf3 O-O 6.Be2 e5 7.O-O Nc6 8.d5 Ne7
9.Ne1 Ne8 10.Be3 f5 11.f3 f4 12.Bf2 h5 13.c5 g5 14.cxd6 cxd6 15.Rc1 Ng6 16.a4 Rf7
17.b4 Bf8 18.a5 Rg7 19.Kh1 Bd7 20.Bb5 g4 21.Bxd7 Qxd7 22.Qa4 Qd8 23.Nb5 Be7
24.Nxa7 Bh4 25.Bxh4 Nxh4 26.Nb5 gxf3 27.gxf3 Qd7 28.Rf2 Nf6 29.Rc7 Qe8 30.Rxg7+ Kxg7
31.Ng2 Nxf3 32.Rxf3 Nxe4 33.Qc2 Qxb5 34.Qxe4 Rc8 35.Nxf4 Rc1+ 36.Kg2 exf4
37.Qe7+ Kh8 38.Qf8+ Kh7 39.Qf7+ Kh8 40.Qxh5+ Kg7 41.Qg5+  1-0

[Event "Groningen op"]
[Site "Groningen"]
[Date "1995.??.??"]
[Round "?"]
[White "Pliester, Leon"]
[Black "Krakops, Maris"]
[Result "0-1"]
[WhiteElo "2375"]
[BlackElo "2525"]

1.d4 Nf6 2.c4 g6 3.Nc3 Bg7 4.e4 d6 5.Be2 O-O 6.Nf3 e5 7.O-O Nc6 8.d5 Ne7
9.Ne1 Nd7 10.Nd3 f5 11.Bd2 Kh8 12.f3 f4 13.g4 Bf6 14.Qc2 h5 15.h3 Bh4 16.Kg2 Rf7
17.b4 Nf6 18.c5 g5 19.Rac1 Ng6 20.Rh1 Bg3 21.Nf2 Rh7 22.a4 Bd7 23.Nb5 a6
24.Na3 Kg7 25.Nc4 Qh8 26.Be1 hxg4 27.Nxg4 Bxg4 28.fxg4 Bxe1 29.Rcxe1 f3+
30.Bxf3 Rxh3 31.Ne3 Nf4+ 32.Kg1 Kg6 33.Nf5 Nxg4 34.cxd6 cxd6 35.Bg2 Rxh1+
36.Bxh1 Qh3 37.Bg2 Qh2+ 38.Kf1 Rh8 39.Nxd6 Qh1+ 40.Bxh1 Rxh1+  0-1

[Event "Groningen op"]
[Site "Groningen"]
[Date "1995.??.??"]
[Round "?"]
[White "Koch, Wolfgang Max"]
[Black "Howell, James C"]
[Result "0-1"]
[WhiteElo "2315"]
[BlackElo "2525"]

1.d4 Nf6 2.Nf3 g6 3.c4 Bg7 4.Nc3 O-O 5.e4 d6 6.Be2 e5 7.O-O Nc6 8.d5 Ne7
9.Nd2 a5 10.a3 Nd7 11.Rb1 f5 12.b4 Kh8 13.Qc2 fxe4 14.Ncxe4 Nf5 15.Nb3 axb4
16.axb4 Nf6 17.Bd3 Nxe4 18.Bxe4 Bd7 19.Bd2 Qh4 20.c5 Bb5 21.Bd3 Ra2 22.Qxa2 Bxd3
23.Rbd1 Bxf1 24.Rxf1 Qe4 25.cxd6 cxd6 26.Na5 Nh4 27.f3 Qd4+ 28.Kh1 Qd3 29.Qc4 Qxd2
30.Qxh4 Qxd5 31.Qe7 b6 32.Nb7 e4 33.Nxd6 exf3 34.Ne4 Qd3 35.Ng3 fxg2+ 36.Kxg2 Rxf1
37.Nxf1 Qd5+ 38.Kh3 Qf5+ 39.Kg2 Qd5+ 40.Kh3 h5 41.Ng3 b5 42.Qe8+ Kh7 43.Qe7 Kh6
44.Qe3+ Qg5 45.Qe4 Qd2 46.Qe7 Qf4 47.Qe4 Qg5 48.Ne2 Be5 49.Ng3 Bxg3 50.hxg3 Qf5+
51.Qxf5 gxf5 52.Kg2 Kg6 53.Kf2 Kf6 54.Ke2 Ke5 55.Ke3 f4+  0-1